Online Catalogue and eLibrary

Manava himikam pilibanda handinveemak (Record no. 2471)

MARC details
000 -LEADER
fixed length control field 00427nam a2200169Ia 4500
005 - DATE AND TIME OF LATEST TRANSACTION
control field 20250623022249.0
008 - FIXED-LENGTH DATA ELEMENTS--GENERAL INFORMATION
fixed length control field 240331s9999 xx 000 0 und d
020 ## - INTERNATIONAL STANDARD BOOK NUMBER
ISBN 9559513613
082 ## - DDC Classification
Item Number - Author Mark DEC
Class No. 323
100 ## - MAIN ENTRY--PERSONAL NAME
Personal name DeCosta, J
245 #0 - TITLE STATEMENT
Title Manava himikam pilibanda handinveemak
250 ## - EDITION STATEMENT
Edition statement 2nd
260 ## - PUBLICATION, DISTRIBUTION, ETC.
Place of publication, distribution, etc. Colombo
Name of publisher, distributor, etc. Jayatissa de costa
Date of publication, distribution, etc. 1992
300 ## - PHYSICAL DESCRIPTION
Extent (e.g. Volumes, Pages etc.) 60 p .,
500 ## - GENERAL NOTE
General note A introduction to Human Rights
942 ## - Koha item type (Biblio)
Koha item type Books in Stacks (Lending)
Holdings
Lost status Damaged status Collection code Home library Current library Shelving location Date acquired Full call number Accession Number Item type
    Lending WERC Library WERC Library Social Science Cupboard 03/31/2024 323.4 DEC 3828 Books in Stacks (Lending)

© WERC Library